000 00381nam a22001571a 4500
020 _a9788171807154
082 _aM3
_bPKP/M
100 _aP K Parakkadavu
245 _aMounathinte Nilavili/
_cby P K Parakkadavu
260 _aKozhikode:
_bPoorna,
_c1999.
300 _a118p.
650 _aNovel Malayalam
650 _aLiterature Malayalam
650 _aLiterature
942 _cBK
999 _c29478
_d29478